000 00267nam a2200121Ia 4500
008 190216s9999||||xx |||||||||||||| ||und||
100 _aBaby Haldar
245 0 _aHindi-Ako-Anthari
260 _bRoshanthi Prakashan
300 _a143
650 _aHindi
942 _cBK
999 _c16260
_d16260